Statistics for Beatles Lyrics with No Hints (2)

Click here to take the quiz!

General Stats

  • This quiz has been taken 144 times
  • The average score is 53 of 121

Answer Stats

Answer% Correct
a
94%
the
88%
you
88%
to
83%
when
77%
in
75%
your
69%
is
68%
on
66%
that
59%
they
55%
See
54%
how
53%
Who
53%
like
52%
at
51%
was
47%
come
44%
Did
44%
make
41%
baby
40%
think
40%
his
37%
run
37%
night
36%
feet
33%
never
33%
has
32%
child
31%
head
31%
Lady
31%
Madonna
31%
money
31%
children
30%
meet
30%
didn't
29%
ends
29%
pay
29%
rent?
29%
morning
28%
Wonder
28%
heaven
27%
manage
27%
Tuesday
27%
Friday
26%
rest
26%
sent?
26%
Sunday
26%
Wednesday
26%
breast
25%
finds
25%
Listen
25%
Thursday
24%
without
24%
feed
23%
nun
23%
tie
23%
bed
22%
papers
22%
suitcase
22%
creeping
21%
ending
21%
music
21%
playing
21%
afternoon
20%
arrives
20%
bootlace
20%
lying
20%
mending
20%
Monday's
20%
needed
20%
learned
18%
stockings
18%
Wonders
16%

Score Distribution

Percentile by Number Answered

Percent of People with Each Score

Your Score History

You have not taken this quiz